| 000 | 00685nam a2200121Ia 4500 | ||
|---|---|---|---|
| 008 | 220620s9999||||xx |||||||||||||| ||und|| | ||
| 245 | 0 |
_aChina's New Place in a World in Crisis _bEconomic, Geopolitical and Environmental Dimensions |
|
| 546 | _aEnglish[eng] | ||
| 650 | _aeconomy||china||Foreign direct investment||Gross domestic product||Labour economics||State-owned enterprise||United States | ||
| 700 | _aGarnaut, Ross||Song, Ligang||Woo, Wing Thye | ||
| 856 | _uhttps://library.oapen.org/bitstream/20.500.12657/33797/1/458873.pdf||https://library.oapen.org/bitstream/20.500.12657/33797/1/458873.pdf||https://library.oapen.org/bitstream/20.500.12657/33797/1/458873.pdf | ||
| 942 | _cEB | ||
| 999 |
_c34882 _d34882 |
||